Представление документа в формате MARC21

Поле Инд. ПП Название Значение
Тип записи a
Библиографический уровень m
001 Контрольный номер RU/IS/BASE/315318744
005 Дата корректировки 20150513113613.9
020 a ISBN 978-5-406-00049-6
040 a Служба первич. каталог. НБ ТвГУ
b Код языка каталог. rus
e Правила каталог. PSBO
041 0_ a Код языка текста rus
080 a Индекс УДК 621.391(075.8)
084 a Индекс другой классификации/Индекс ББК З811.3я73-1
090 a Полочн. индекс З811.3
x Авторский знак Л 64
100 1_ a Автор Литвинская Ольга Сергеевна
q Полное имя Литвинская О. С.
245 10 a Заглавие Основы теории передачи информации
b Продолж. заглавия учебное пособие для студентов, обучающихся по специальности 230101 "Вычислительные машины, комплексы, системы и сети"
260 a Место издания Москва
b Издательство КноРус
c Дата издания 2010
300 a Объем 168 с.
b Иллюстрации/ тип воспроизводства ил., табл.
504 a Библиография Библиогр.: с. 165 (16 назв.)
520 a Аннотация Описаны основные положения теории связи, относящиеся к сигналам, модуляции и кодированию цифровой информации . В доступной форме изложены вопросы представления сигналов и способы их математической обработки. Отдельные формулы сопровождаются соответствующими пояснениями.
Д ля студентов, обучающихся по специальности 230101 по дисциплине " Основы теории передачи информации ".
650 a Основная рубрика Кибернетика
650 14 a Основная рубрика Связи теория
650 14 a Основная рубрика Информации теория
650 14 a Основная рубрика Передача информации
x Основная подрубрика Теория
x Основная подрубрика Учебники для вузов
653 a Ключевые слова Информация
a Ключевые слова Кибернетика
a Ключевые слова Передача информации
a Ключевые слова Передача цифровой информации
a Ключевые слова Связь
a Ключевые слова Сигналы
a Ключевые слова Системы передачи информации
a Ключевые слова Теория информации
a Ключевые слова Теория передачи информации
a Ключевые слова Теория связи
a Ключевые слова Цифровая информация
a Ключевые слова Электрические сигналы
700 a Другие авторы Чернышев Николай Иванович
q Полное имя Чернышев, Н. И.
910 a гриф есть**
920 a Оператор Густ
930 a Новая/Ретро учебники
952 c Вид литературы К ру
954 a Дата поступления на обработку 20100202